000 00496nam a2200205Ia 4500
003 OSt
005 20140414093415.0
008 140130s9999 xx 000 0 und d
020 _a0590680366
050 _aBF 697.5.S46
_b.C3 1998
100 _aCarlson, Nancy
245 _cNancy Carlson.
_aABC I like me! /
260 _bScholastic,
_c1998.
_aNew York :
300 _a30 p. :
_bcol. ill. ;
_c26 cm.
440 _v1
521 _aBR
526 _c190
942 _cBK
_2lcc
999 _c39930
_d39930